Najstaršie dejiny interkultúrnych vzťahov: od doby bronzovej až po Homéra

Geografické lokality a všeobecné črty obchodu na veľké vzdialenosti, ktorý prebiehal medzi starovekými civilizáciami. Element cudzinca a cudziny v homérskych eposoch. Interkultúrny dialóg v tomto období podmienený obchodom na veľké vzdialenosti, ktorý zohrával kľúčovú úlohu v procese utvárania novýc...

Descripción completa

Guardado en:
Detalles Bibliográficos
Autor principal: Škvrnda, František, ml., 1987-
Formato: Capítulo de libro
Lenguaje:eslovaco
Materias:
Etiquetas: Agregar Etiqueta
Sin Etiquetas, Sea el primero en etiquetar este registro!

MARC

LEADER 00000nla a2200000 4500
001 0241571
005 20240502073932.7
041 0 |a slo 
044 |a SK 
245 1 0 |a Najstaršie dejiny interkultúrnych vzťahov: od doby bronzovej až po Homéra  |c František Škvrnda ml. 
520 |a Geografické lokality a všeobecné črty obchodu na veľké vzdialenosti, ktorý prebiehal medzi starovekými civilizáciami. Element cudzinca a cudziny v homérskych eposoch. Interkultúrny dialóg v tomto období podmienený obchodom na veľké vzdialenosti, ktorý zohrával kľúčovú úlohu v procese utvárania nových kultúrnych identít. 
610 2 0 |a kultúra 
610 2 0 |a identita 
610 2 0 |a komunikácia interkultúrna 
610 2 0 |a obchod 
610 2 0 |a história 
100 1 |a Škvrnda, František, ml., 1987-